[Event "Oberliga Wuerttemberg 1718"]
[White "Namyslo, Holger"]
[Black "Wild, Rudolf"]
[Site "Wuerttemberg"]
[Round "2"]
[Result "1-0"]
[Date "2017.10.08"]
[WhiteElo "2255"]
[BlackElo "2190"]
[PlyCount "49"]
[EventDate "2017.09.17"]
[EventType "team-tourn"]
[EventRounds "9"]
[EventCountry "GER"]
[SourceTitle "EXT 2019"]
[Source "ChessBase"]
[SourceDate "2018.10.10"]
[SourceVersion "1"]
[SourceVersionDate "2018.10.10"]
[SourceQuality "1"]
[WhiteTeam "Biberach"]
[BlackTeam "Jedesheim"]
[WhiteTeamCountry "GER"]
[BlackTeamCountry "GER"]

1. e4 c5 2. Nf3 Nc6 3. d4 cxd4 4. Nxd4 Nf6 5. Nc3 e5 6. Ndb5 d6 7. Bg5 a6 8. Na3 b5 9. Bxf6 gxf6 10. Nd5 Bg7 11. c3 f5 12. exf5 Bxf5 13. Nc2 0-0 14. Nce3 Be6 15. Bd3 f5 16. Bc2 Kh8 17. Qh5 Bxd5 18. Nxd5 e4 19. 0-0 Ne7 20. Rad1 Nxd5 21. Rxd5 Qf6 22. g4 fxg4 23. Bxe4 Bh6 24. Rf5 Qg7 25. Bxa8 1-0

[Event "Regionalliga SW 1415"]
[White "Lapcevic, Milos"]
[Black "Wild, Rudolf"]
[Site "Bayern"]
[Round "8.2"]
[Result "1/2-1/2"]
[Date "2015.03.15"]
[WhiteElo "2324"]
[BlackElo "2176"]
[PlyCount "112"]
[EventDate "2014.10.19"]
[EventType "team-tourn"]
[EventRounds "9"]
[EventCountry "GER"]
[SourceTitle "EXT 2018"]
[Source "ChessBase"]
[SourceDate "2017.10.13"]
[SourceVersion "1"]
[SourceVersionDate "2017.10.13"]
[SourceQuality "1"]
[WhiteTeam "Haunstetten"]
[BlackTeam "Krumbach"]
[WhiteTeamCountry "GER"]
[BlackTeamCountry "GER"]

1. d4 Nf6 2. c4 g6 3. Nc3 Bg7 4. e4 d6 5. Be2 0-0 6. Bg5 Nbd7 7. Qd2 e5 8. d5 a5 9. Bd1 Nc5 10. Bc2 Bd7 11. Nge2 Qb8 12. 0-0 b5 13. cxb5 Bxb5 14. b3 Ba6 15. Be3 Ncd7 16. f3 Nh5 17. Bd3 Qb7 18. Rac1 f5 19. Rc2 Rf7 20. Rfc1 Bxd3 21. Qxd3 fxe4 22. Nxe4 Nb6 23. Rd1 Nf4 24. Bxf4 exf4 25. Qb5 Rf5 26. Rc6 Rb8 27. Qxa5 Nxd5 28. Qa6 Nb4 29. Qxb7 Rxb7 30. Rcc1 Nxa2 31. Rc2 Nb4 32. Rcd2 h6 33. Nd4 Bxd4+ 34. Rxd4 g5 35. h4 Kg7 36. Rc1 Kg6 37. Rcc4 Nd5 38. h5+ Kf7 39. Rxc7+ Rxc7 40. Nxd6+ Ke6 41. Nxf5 Nc3 42. g4 Ne2+ 43. Kf2 Nxd4 44. Nxd4+ Ke5 45. Nf5 Rc2+ 46. Kf1 Rc3 47. Kf2 Rc6 48. Ke2 Rb6 49. b4 Kd5 50. Kd3 Re6 51. Kc3 Ra6 52. Kd3 Re6 53. Kc3 Rc6+ 54. Kd3 Ra6 55. Ne7+ Ke6 56. Nf5 Kd5 1/2-1/2

[Event "Regionalliga SW 1415"]
[White "Terzic, Miomir"]
[Black "Wild, Rudolf"]
[Site "Bayern"]
[Round "2.2"]
[Result "1-0"]
[Date "2014.11.09"]
[WhiteElo "2280"]
[BlackElo "2176"]
[PlyCount "93"]
[EventDate "2014.10.19"]
[EventType "team-tourn"]
[EventRounds "9"]
[EventCountry "GER"]
[SourceTitle "EXT 2018"]
[Source "ChessBase"]
[SourceDate "2017.10.13"]
[SourceVersion "1"]
[SourceVersionDate "2017.10.13"]
[SourceQuality "1"]
[WhiteTeam "Solln"]
[BlackTeam "Krumbach"]
[WhiteTeamCountry "GER"]
[BlackTeamCountry "GER"]

1. d4 Nf6 2. Nf3 g6 3. Bg5 Bg7 4. e3 d6 5. Bc4 0-0 6. Nbd2 c6 7. 0-0 Nbd7 8. c3 Qc7 9. Bh4 e5 10. Bg3 Nh5 11. dxe5 Nxe5 12. Bxe5 dxe5 13. a4 Nf6 14. Qb3 Bf5 15. Rfd1 e4 16. Nd4 Bg4 17. Re1 Rae8 18. Qc2 h5 19. h3 Bc8 20. Rad1 Bh6 21. Bf1 g5 22. Be2 g4 23. hxg4 Nxg4 24. Bxg4 Bxg4 25. Nxe4 Qe5 26. f3 Bc8 27. Rd3 f5 28. Nf2 Kh8 29. f4 Qf6 30. Nh3 Rg8 31. Nf3 Be6 32. Rd6 Bf8 33. Rd2 Bd5 34. Nhg5 Bc5 35. Nd4 Be4 36. Qd1 Rxg5 37. fxg5 Qxg5 38. Qe2 h4 39. Qf2 h3 40. g3 Kg7 41. Kh2 Bb6 42. Qf4 Qg6 43. Rf1 Rf8 44. Qe5+ Kh7 45. Rf4 Bd8 46. Ne6 Rg8 47. Rxe4 1-0

[Event "BL2-Sued 1011"]
[White "Loehr, Markus"]
[Black "Wild, Rudolf"]
[Site "Germany"]
[Round "8.6"]
[Result "1-0"]
[Date "2011.03.20"]
[WhiteElo "2256"]
[BlackElo "2226"]
[PlyCount "107"]
[EventDate "2010.10.10"]
[EventType "team-tourn"]
[EventRounds "9"]
[EventCountry "GER"]
[SourceTitle "EXT 2012"]
[Source "ChessBase"]
[SourceDate "2011.11.24"]
[SourceVersion "1"]
[SourceVersionDate "2011.11.24"]
[SourceQuality "1"]
[WhiteTeam "Schmiden Cannstatt"]
[BlackTeam "Krumbach"]
[WhiteTeamCountry "GER"]
[BlackTeamCountry "GER"]

1. d4 d5 2. Nf3 Nf6 3. c4 c6 4. Nc3 a6 5. a4 e6 6. g3 Nbd7 7. Bg2 Bd6 8. 0-0 0-0 9. Nd2 h6 10. e4 dxe4 11. Ndxe4 Be7 12. Bf4 Nxe4 13. Nxe4 Nf6 14. Qd2 Nxe4 15. Bxe4 Bd6 16. Rfd1 Qc7 17. Bxd6 Qxd6 18. Qe3 a5 19. Rd2 Bd7 20. Re1 Rfe8 21. Bc2 Rad8 22. Qd3 g6 23. Qe3 Qf8 24. c5 Bc8 25. Qc3 e5 26. Rxe5 Rxe5 27. dxe5 Rxd2 28. Qxd2 Qxc5 29. Qd8+ Qf8 30. Qxa5 Be6 31. Be4 Qe7 32. h4 Qd7 33. Qb4 Qd1+ 34. Kg2 Qb1 35. Qxb7 Bc4 36. Kh2 Qe1 37. Qxc6 Qxf2+ 38. Bg2 Bf1 39. b4 Qa2 40. a5 h5 41. Qf3 Bc4 42. Qc6 Qe2 43. e6 fxe6 44. Qe4 Qa2 45. Qxg6+ Kf8 46. Qf6+ Kg8 47. Kh3 Be2 48. Qf4 Kg7 49. Qc7+ Kg8 50. Qb8+ Kg7 51. Qb7+ Kf6 52. Qa8 Bc4 53. Kh2 Be2 54. Qe4 1-0

[Event "BL2-Sued 1011"]
[White "Fuchs, Heinz"]
[Black "Wild, Rudolf"]
[Site "Germany"]
[Round "4.5"]
[Result "1-0"]
[Date "2010.12.12"]
[WhiteElo "2302"]
[BlackElo "2226"]
[PlyCount "61"]
[EventDate "2010.10.10"]
[EventType "team-tourn"]
[EventRounds "9"]
[EventCountry "GER"]
[SourceTitle "EXT 2012"]
[Source "ChessBase"]
[SourceDate "2011.11.24"]
[SourceVersion "1"]
[SourceVersionDate "2011.11.24"]
[SourceQuality "1"]
[WhiteTeam "Untergrombach"]
[BlackTeam "Krumbach"]
[WhiteTeamCountry "GER"]
[BlackTeamCountry "GER"]

1. c4 e6 2. Nc3 d5 3. d4 Nf6 4. cxd5 exd5 5. Bg5 c6 6. Qc2 Be7 7. e3 Bg4 8. Bd3 Nbd7 9. h3 Be6 10. Nge2 Nh5 11. Bxe7 Qxe7 12. g4 Nhf6 13. Nf4 h6 14. 0-0-0 0-0-0 15. Kb1 Kb8 16. Rhe1 Qd6 17. Nxe6 Qxe6 18. f4 Qd6 19. Qf2 Rde8 20. Qg2 Re7 21. Re2 Rhe8 22. Rde1 Ne4 23. Nxe4 dxe4 24. Bc4 Nb6 25. Bb3 g6 26. Rc1 f6 27. a3 g5 28. Rf2 Nd5 29. Bxd5 cxd5 30. fxg5 fxg5 31. Rf5 1-0

[Event "Oberliga Bayern 0809"]
[White "Reis, Thomas"]
[Black "Wild, Rudolf"]
[Site "Bayern"]
[Round "4.6"]
[Result "1-0"]
[Date "2008.12.14"]
[WhiteElo "2110"]
[BlackElo "2205"]
[PlyCount "85"]
[EventDate "2008.10.05"]
[EventType "team-tourn"]
[EventRounds "9"]
[EventCountry "GER"]
[SourceTitle "EXT 2020"]
[Source "ChessBase"]
[SourceDate "2019.10.17"]
[SourceVersion "1"]
[SourceVersionDate "2019.10.17"]
[SourceQuality "1"]
[WhiteTeam "Wuerzburg"]
[BlackTeam "Krumbach"]
[WhiteTeamCountry "GER"]
[BlackTeamCountry "GER"]

1. d4 Nf6 2. Nf3 g6 3. c4 Bg7 4. Nc3 c5 5. d5 d6 6. e4 b5 7. cxb5 a6 8. bxa6 0-0 9. h3 Bxa6 10. Bxa6 Rxa6 11. 0-0 Nbd7 12. Re1 Ne8 13. Re2 Nc7 14. Bf4 Nb6 15. Rc1 Qa8 16. Bg5 Re8 17. Rcc2 Nc4 18. Qd3 Ne5 19. Nxe5 Bxe5 20. g3 Rb6 21. Kg2 Qa6 22. Qf3 Nb5 23. Nxb5 Rxb5 24. Qd3 Qb7 25. b3 Rb8 26. Bd2 Ra8 27. Be1 Rb6 28. f4 Bg7 29. h4 Ra3 30. e5 e6 31. exd6 Bd4 32. Qe4 Rxd6 33. dxe6 Qxe4+ 34. Rxe4 Rxe6 35. Rxe6 fxe6 36. Bf2 Bxf2 37. Kxf2 h5 38. Ke2 Kf7 39. Kd3 Ke7 40. Kc4 Kd6 41. Rd2+ Kc6 42. Re2 Kd6 43. Kb5 1-0

[Event "Oberliga Bayern 0809"]
[White "Wild, Rudolf"]
[Black "Fischer, Thomas2"]
[Site "Bayern"]
[Round "1.6"]
[Result "0-1"]
[Date "2008.10.05"]
[WhiteElo "2205"]
[BlackElo "2071"]
[PlyCount "110"]
[EventDate "2008.10.05"]
[EventType "team-tourn"]
[EventRounds "9"]
[EventCountry "GER"]
[SourceTitle "EXT 2020"]
[Source "ChessBase"]
[SourceDate "2019.10.17"]
[SourceVersion "1"]
[SourceVersionDate "2019.10.17"]
[SourceQuality "1"]
[WhiteTeam "Krumbach"]
[BlackTeam "Koenigshofen"]
[WhiteTeamCountry "GER"]
[BlackTeamCountry "GER"]

1. Nf3 c5 2. c4 Nc6 3. Nc3 e5 4. e3 Nf6 5. d4 cxd4 6. exd4 exd4 7. Nxd4 Bc5 8. Nb3 Bb4 9. Bd2 0-0 10. Be2 d5 11. Nxd5 Nxd5 12. cxd5 Qxd5 13. 0-0 Bxd2 14. Qxd2 Qxd2 15. Nxd2 Be6 16. Bc4 Rad8 17. Bxe6 Rxd2 18. Bc4 Rxb2 19. Rab1 Rxb1 20. Rxb1 b6 21. Bd5 Ne7 22. Bb3 Rc8 23. Rd1 g6 24. g3 Rc7 25. h4 Kg7 26. Kg2 Ng8 27. Rd2 Nf6 28. Rd4 Nd7 29. Re4 Nc5 30. Rc4 Rd7 31. Bc2 Rd2 32. Kf3 Kf6 33. Ke3 Rd7 34. g4 Re7+ 35. Kf3 Re1 36. g5+ Ke7 37. Rd4 Ra1 38. a4 Ra2 39. Rc4 Kd6 40. Ke3 Ra3+ 41. Ke2 Ke5 42. f3 f5 43. gxf6 Kxf6 44. Rf4+ Ke7 45. Rc4 Ke6 46. Rf4 Ke7 47. Rc4 Kd6 48. Rf4 Ne6 49. Re4 Kd5 50. Bd1 Nd4+ 51. Kf2 Rd3 52. Re1 Nf5 53. Rh1 Rd2+ 54. Ke1 Rb2 55. h5 g5 0-1

[Event "Landesliga Sued 0708"]
[White "Wild, Rudolf"]
[Black "Schreiner, Richard"]
[Site "Bayern"]
[Round "6.4"]
[Result "1-0"]
[Date "2008.02.17"]
[WhiteElo "2219"]
[BlackElo "2100"]
[PlyCount "151"]
[EventDate "2007.10.21"]
[EventType "team-tourn"]
[EventRounds "9"]
[EventCountry "GER"]
[SourceTitle "EXT 2009"]
[Source "ChessBase"]
[SourceDate "2008.11.26"]
[SourceVersion "1"]
[SourceVersionDate "2008.11.26"]
[SourceQuality "1"]
[WhiteTeam "Krumbach"]
[BlackTeam "Garching"]
[WhiteTeamCountry "GER"]
[BlackTeamCountry "GER"]

1. Nf3 Nf6 2. c4 e6 3. d4 b6 4. g3 Ba6 5. b3 Bb7 6. Bg2 Be7 7. 0-0 0-0 8. Nc3 Ne4 9. Bb2 Nxc3 10. Bxc3 Be4 11. Re1 c6 12. e3 d5 13. Bf1 Bxf3 14. Qxf3 f5 15. Qg2 Nd7 16. f3 Nf6 17. Bd3 Qd7 18. a4 Rac8 19. Rad1 Kh8 20. Ba1 Bb4 21. Re2 Qf7 22. Rf1 Qh5 23. h3 Qg5 24. Bb2 Bd6 25. g4 Qh4 26. Bc3 Ng8 27. Be1 Qf6 28. g5 Qf7 29. f4 Qe8 30. Qf3 Ne7 31. h4 Rc7 32. h5 Nc8 33. Rh2 Be7 34. h6 g6 35. Rc2 Rf7 36. c5 Kg8 37. b4 Bd8 38. b5 Qd7 39. Bb4 Be7 40. Rfc1 cxb5 41. axb5 Qd8 42. Qg2 Bf8 43. Bf1 Rfd7 44. Qd2 Rf7 45. Rc3 Rfd7 46. R1c2 Rf7 47. Qc1 Rfd7 48. cxb6 Rxc3 49. Rxc3 Nxb6 50. Ba5 Rb7 51. Rc6 Qd7 52. Qc2 Kf7 53. Kf2 Kg8 54. Bd3 Kf7 55. Bxb6 axb6 56. Rc8 Ra7 57. Qc6 Rb7 58. Kf3 Qe7 59. Ra8 Qd7 60. Ra6 Bd6 61. Qxd7+ Rxd7 62. Rxb6 Ke7 63. Ra6 Rb7 64. b6 Bb8 65. Bb5 Kd6 66. Ke2 Re7 67. Kd3 Rb7 68. Kc3 Rf7 69. Kb3 Rb7 70. Kb4 Re7 71. Ra2 Rb7 72. Ka5 Rf7 73. Rc2 Rf8 74. Ka6 Rd8 75. Kb7 Ke7 76. Rc7+ 1-0

[Event "Oberliga Bayern 0607"]
[White "Wild, Rudolf"]
[Black "Schuster, Karsten"]
[Site "Bayern"]
[Round "7.5"]
[Result "1/2-1/2"]
[Date "2007.03.18"]
[WhiteElo "2192"]
[BlackElo "2177"]
[PlyCount "92"]
[EventDate "2006.10.15"]
[EventType "team-tourn"]
[EventRounds "9"]
[EventCountry "GER"]
[SourceTitle "EXT 2008"]
[Source "ChessBase"]
[SourceDate "2007.11.25"]
[SourceVersion "1"]
[SourceVersionDate "2007.11.25"]
[SourceQuality "1"]
[WhiteTeam "Krumbach"]
[BlackTeam "Groebenzell"]
[WhiteTeamCountry "GER"]
[BlackTeamCountry "GER"]

1. Nf3 Nf6 2. c4 e6 3. d4 b6 4. Nc3 Bb7 5. Bg5 Be7 6. Rc1 0-0 7. e3 Ne4 8. Nxe4 Bxe4 9. Bxe7 Qxe7 10. Bd3 Qb4+ 11. Qd2 Qxd2+ 12. Kxd2 Bb7 13. c5 Nc6 14. a3 Rac8 15. Rc2 f6 16. b4 Ne7 17. Rhc1 Bxf3 18. gxf3 c6 19. Ke2 b5 20. e4 Rfe8 21. Ra2 Rc7 22. a4 a6 23. axb5 axb5 24. Rca1 Kf8 25. f4 h6 26. Ke3 g5 27. fxg5 hxg5 28. Ra7 Rec8 29. f4 gxf4+ 30. Kxf4 Kf7 31. Rxc7 Rxc7 32. Ra8 Rc8 33. Rxc8 Nxc8 34. Be2 Kg6 35. d5 exd5 36. exd5 Ne7 37. Bd3+ Kf7 38. dxc6 Nd5+ 39. Kf5 dxc6 40. Be4 Nxb4 41. h4 Kg7 42. h5 Na6 43. Bxc6 b4 44. Bd5 Nxc5 45. h6+ Kxh6 46. Kxf6 b3 1/2-1/2

[Event "Oberliga Bayern 0607"]
[White "Wild, Rudolf"]
[Black "Chytilek, Roman"]
[Site "Bayern"]
[Round "3.5"]
[Result "1-0"]
[Date "2006.11.19"]
[WhiteElo "2192"]
[BlackElo "2399"]
[PlyCount "79"]
[EventDate "2006.10.15"]
[EventType "team-tourn"]
[EventRounds "9"]
[EventCountry "GER"]
[SourceTitle "EXT 2008"]
[Source "ChessBase"]
[SourceDate "2007.11.25"]
[SourceVersion "1"]
[SourceVersionDate "2007.11.25"]
[SourceQuality "1"]
[WhiteTeam "Krumbach"]
[BlackTeam "Koetzting"]
[WhiteTeamCountry "GER"]
[BlackTeamCountry "GER"]

1. Nf3 g6 2. c4 c5 3. Nc3 Bg7 4. g3 Nc6 5. Bg2 d6 6. 0-0 Qd7 7. b3 Bxc3 8. dxc3 b6 9. e4 f6 10. Qe2 Bb7 11. Ne1 0-0-0 12. f4 Nh6 13. Nd3 Nf7 14. Be3 e6 15. Rad1 Qe7 16. Bf2 Rhe8 17. Rfe1 f5 18. Qf1 Qf6 19. Rc1 Kb8 20. h3 Rg8 21. Kh2 fxe4 22. Bxe4 d5 23. cxd5 exd5 24. Bg2 d4 25. c4 g5 26. Qh1 Rc8 27. Bd5 Rge8 28. Rxe8 Rxe8 29. Re1 Rxe1 30. Qxe1 Ncd8 31. Bxb7 Nxb7 32. Qe8+ Kc7 33. Qe4 h6 34. g4 Nbd6 35. Qf3 Qe6 36. Bg3 Qe4 37. Qxe4 Nxe4 38. fxg5+ Nxg3 39. g6 Nf1+ 40. Kg1 1-0

[Event "Oberliga Bayern 0506"]
[White "Wild, Rudolf"]
[Black "Rupprecht, Andreas"]
[Site "Bayern"]
[Round "8.1"]
[Result "1/2-1/2"]
[Date "2006.03.12"]
[WhiteElo "2215"]
[BlackElo "2336"]
[PlyCount "78"]
[EventDate "2005.10.23"]
[EventType "team-tourn"]
[EventRounds "9"]
[EventCountry "GER"]
[SourceTitle "EXT 2007"]
[Source "ChessBase"]
[SourceDate "2006.11.23"]
[SourceVersion "1"]
[SourceVersionDate "2006.11.23"]
[SourceQuality "1"]
[WhiteTeam "Krumbach"]
[BlackTeam "Regensburg Fortuna"]
[WhiteTeamCountry "GER"]
[BlackTeamCountry "GER"]

1. Nf3 g6 2. d4 Bg7 3. c4 d6 4. Nc3 Bg4 5. e3 Nc6 6. Be2 e5 7. 0-0 exd4 8. exd4 Nge7 9. Re1 0-0 10. Be3 h6 11. h3 Bxf3 12. Bxf3 Nf5 13. Qd2 Qh4 14. Nb5 Qd8 15. Be4 Nxe3 16. fxe3 a6 17. Nc3 Kh8 18. Nd5 Rb8 19. Rf1 Ne7 20. Nf4 b5 21. cxb5 Rxb5 22. Bd3 Rb6 23. b4 Qd7 24. Rac1 c6 25. a3 Nd5 26. Nxd5 cxd5 27. Qe2 Re8 28. Qf3 f5 29. Qxd5 Rxe3 30. Bc4 Rb8 31. Bxa6 Rxa3 32. b5 Rd3 33. Rc4 Qe8 34. b6 Rxd4 35. Rxd4 Qe3+ 36. Kh1 Qxd4 37. Qxd4 Bxd4 38. b7 Kg7 39. g4 Kf6 1/2-1/2

[Event "Oberliga Bayern 0405"]
[White "Wild, Rudolf"]
[Black "Suran, Jan"]
[Site "Bayern"]
[Round "5.3"]
[Result "1/2-1/2"]
[Date "2005.01.16"]
[WhiteElo "1930"]
[BlackElo "2390"]
[PlyCount "29"]
[EventDate "2004.10.24"]
[EventType "team-tourn"]
[EventRounds "9"]
[EventCountry "GER"]
[SourceTitle "EXT 2020"]
[Source "ChessBase"]
[SourceDate "2019.10.17"]
[SourceVersion "1"]
[SourceVersionDate "2019.10.17"]
[SourceQuality "1"]
[WhiteTeam "Krumbach"]
[BlackTeam "Bamberg SC"]
[WhiteTeamCountry "GER"]
[BlackTeamCountry "GER"]

1. Nf3 d6 2. d4 Bg4 3. e4 Nf6 4. Nc3 e6 5. h3 Bh5 6. g4 Bg6 7. Qe2 c6 8. Bg2 Be7 9. 0-0 0-0 10. Bf4 d5 11. exd5 Nxd5 12. Nxd5 cxd5 13. Ne5 Nc6 14. Nxg6 hxg6 15. c3 1/2-1/2